Catálogo
 En Linea

Barlaam et iosaphat : (Registro nro. 39346)

Detalles MARC
000 -CABECERA
campo de control de longitud fija 00980nam a2200229 a 4500
001 - NÚMERO DE CONTROL
campo de control 000039856
005 - FECHA Y HORA DE LA ÚLTIMA TRANSACCIÓN
campo de control 20201002033755.0
008 - DATOS DE LONGITUD FIJA--INFORMACIÓN GENERAL
campo de control de longitud fija 130725s2001 sp 001 0 spa d
020 ## - NÚMERO INTERNACIONAL ESTÁNDAR DEL LIBRO
Número Internacional Estándar del Libro 8400079256
040 ## - FUENTE DE LA CATALOGACIÓN
Centro catalogador/agencia de origen DO-SdBNP
245 00 - MENCIÓN DE TÍTULO
Título Barlaam et iosaphat :
Resto del título versión vulgata latina /
Mención de responsabilidad, etc. con la traducción castellana de Juan de Arce Solorceno (1608); edición de Oscar de la Cruz Palma.
260 ## - PUBLICACIÓN, DISTRIBUCIÓN, ETC.
Lugar de publicación, distribución, etc. Madrid :
Nombre del editor, distribuidor, etc. Consejo Superior de Investigaciones Científicas,
Fecha de publicación, distribución, etc. 2001.
300 ## - DESCRIPCIÓN FÍSICA
Extensión 586 p. ; :
Otras características físicas il. ;
Dimensiones 26 cm.
490 1# - MENCIÓN DE SERIE
Mención de serie Nueva Roma : bibliotheca graeca et latina aevi posterioris
Designación de volumen o secuencia 12
500 ## - NOTA GENERAL
Nota general Incluye índice
504 ## - NOTA DE BIBLIOGRAFÍA, ETC.
Nota de bibliografía, etc. Incluye referencias bibliográficas y notas al pie de las páginas
504 ## - NOTA DE BIBLIOGRAFÍA, ETC.
Nota de bibliografía, etc. Bibliografía : p. 91-103
546 ## - NOTA DE LENGUA/LENGUAJE
Nota de lengua/lenguaje Barlaam et Iosaphat. Latín
700 1# - PUNTO DE ACCESO ADICIONAL--NOMBRE DE PERSONA
Nombre de persona Cruz Palma, Óscar Luis de la,
Término indicativo de función/relación ed.
9 (RLIN) 66052
700 1# - PUNTO DE ACCESO ADICIONAL--NOMBRE DE PERSONA
Nombre de persona Arce Solorceno, Juan de,
Término indicativo de función/relación ed.
9 (RLIN) 66053
830 #0 - PUNTO DE ACCESO ADICIONAL DE SERIE-TÍTULO UNIFORME
Título uniforme Nueva Roma : bibliotheca graeca et latina aevi posterioris
Designación de volumen o secuencia 12
9 (RLIN) 66042
Existencias
Estado de retiro Estado de pérdida Restricciones de uso No para préstamo Código de colección Localización permanente Ubicación/localización actual Ubicación en estantería Fecha de adquisición Número de inventario Total de préstamos Signatura topográfica completa Código de barras Fecha visto por última vez Precio válido a partir de Tipo de ítem Koha
      Excluido de préstamo Monografías: Libros y Folletos General General En catalogación 25.07.2013 LF1   39856-10 25.06.2020 25.06.2020 No se presta

Con tecnología Koha